| 000 | 00530nam a22001937a 4500 | ||
|---|---|---|---|
| 999 |
_c7468 _d7468 |
||
| 003 | OSt | ||
| 005 | 20211116165317.0 | ||
| 008 | 211112b ||||| |||| 00| 0 eng d | ||
| 020 | _a0415418305 | ||
| 040 | _cDDC | ||
| 082 | _a388.4 PUT 2007 | ||
| 100 |
_aPutman, S.H _915297 |
||
| 245 |
_aIntergrated Urban Models: _bPolicy analysisof transportation and land use |
||
| 260 |
_aLondon: _b Routledge; _c2007, |
||
| 300 |
_a332p.; _c23cm. |
||
| 504 | _aIncludes index. | ||
| 650 |
_aUrban transportation. _915298 |
||
| 942 |
_2ddc _cBOOK |
||